Tim und Struppi Quiz (Das Geheimnis der Einhorn) - Statistiken

Allgemein
  • Dieses Quiz wurde 19 mal gespielt
  • Das Durchschnittsergebnis liegt bei 8 aus 12
Antwortstatistiken
Hint Antwort % Korrekt
Was kauft Tim auf dem Markt? Modellschiff
100%
Wo entdeckt er es? Im Mast
88%
Wie heißt das Schloss der Brüder in dem Tim festgehalten wird? Schloss Mühlenhof
88%
Um wessen Schatz geht es in der Geschichte? Den Schatz von Rackham dem Roten
76%
Was entdeckt Tim im Modell der Einhorn? Pergament
76%
In welcher Stadt findet der Band hauptsächlich statt? Brüssel
71%
Wer ist der Butler auf dem Schloss? Nestor
71%
Wen wollen Schulz und Schulze verhaften? Taschendieb
65%
Was steht darauf geschrieben? Koordinaten
59%
Von wem wird Barnabas erschossen als er Tim etwas mitteilen möchte? Gebrüder Vogel-Faull
53%
Kapitän Haddock erzählt eine Geschichte über seinen Vorfahren, wie heißt er (Vorname)? Ritter Frantz von Hadoque
41%
Barnabas und eine weitere Person möchten ihm die Einhorn abkaufen, wer? Iwan Sakharin
18%
Keine übereinstimmenden Quizze gefunden
Verteilung der Resultate
Anzahl Personen mit jedem Resultat
Perzentil nach korrekt beantworteten Fragen
Ihre Resultats-Entwicklung
Sie haben dieses Quiz noch nicht gespielt